• 首页
  • 本馆介绍
  • 公告通知
  • 最新文献
  • 馆藏检索
  • 电子资源
  • 读者导购
  • 参考咨询
  • 我的图书馆
  • 登录
  • 详细信息显示
  • 放入我的书架
  • 预约/预借图书
  • 作者相关作品
  • 分类相关作品
  • 丛书相关作品
  • 出版社相关作品

书目信息

  • 表格格式
  • 工作单格式
  • 卡片格式
题名:
北洋军阀史料选辑
    
 
作者: 杜春和 著
分册: 上  
出版信息: 北京   中国社会科学出版社  1981.6
页数: 329页
开本: 20cm
丛书名:
单 册:
中图分类: K258.2
科图分类:
主题词: 中国--历史--1840~1949
电子资源:
ISBN:
000 00559nam0 2200193 45
001 0181011170
005 20060404171107.59
010    @dCNY2.50
091    @a11190.044
100    @a20810111d km y0chiy0120 ea
101 0  @achi
200 1  @a北洋军阀史料选辑@Abei yang jiu fa shi liao xuan ji@h上@f杜春和等著@FDu Chun He Deng Zhu
210    @a北京@c中国社会科学出版社@d1981.6
215    @a329页@d20cm
606 0  @a中国@x历史@z1840~1949
690    @aK258.2@v4
701 0  @a杜春和@Adu chun he@4著
801    @aCN@bTSTC@c20060404
905    @dK258.2@e10:1
    
    北洋军阀史料选辑.上/杜春和等著.-北京:中国社会科学出版社,1981.6
    329页;20cm
    
    
    ISBN :CNY2.50
    
●
相关链接 在E读中查询图书 在五车中查询图书 在当当中查询图书 在豆瓣中查询图书


正题名:北洋军阀史料选辑     索取号:K258.2/10:1         预约/预借

序号 登录号 条形码 馆藏地/架位号 状态 备注
1 0087012   001601341   密集书库/ [索取号:K258.2/10:1] 在馆    
2 0087013   001601387   密集书库/ [索取号:K258.2/10:1] 在馆    
3 0087014   001601305   密集书库/ [索取号:K258.2/10:1] 在馆    
4 0087015   001291453   第二借阅区/ [索取号:K258.2/10:1] 在馆    
5 0087016   001291499   第二借阅区/ [索取号:K258.2/10:1] 在馆    
6 0087017   001291514   第二样本阅览室/ [索取号:K258.2/10:1] 在馆    
7 0087698   001291426   第二借阅区/ [索取号:K258.2/10:1] 在馆    
8 0087699   202233190   密集书库/ [索取号:K258.2/10:1] 在馆    
9 0087700   001601378   密集书库/ [索取号:K258.2/10:1] 在馆    
10 0205014   001291462   第二借阅区/ [索取号:K258.2/10:1] 在馆    
11 0205015   001291471   第二借阅区/ [索取号:K258.2/10:1] 在馆    
唐山师范学院图书馆 欢迎您!
大连网信软件有限公司© 版权所有